Statistics for Countries Closest to Portugal - 15 Second Sprint

Click here to take the quiz!

General Stats

  • This quiz has been taken 90 times
  • The average score is 7 of 20

Answer Stats

kmcountrymiles% Correct
0Spain0
100%
412France256
87%
637Andorra396
83%
202Morocco125
70%
1203Italy748
55%
879United Kingdom546
54%
1138Monaco707
45%
520Algeria323
42%
1036Ireland644
32%
1347Tunisia837
29%
1278Germany794
23%
1211Belgium752
16%
1284Netherlands798
13%
1539San Marino957
10%
1306Mali812
9%
1097Switzerland682
9%
1395Austria867
6%
978Mauritania608
6%
1276Luxembourg793
1%
1385Liechtenstein861
0%

Score Distribution

Percentile by Number Answered

Percent of People with Each Score

Your Score History

You have not taken this quiz